000 00280nam a2200109 4500
008 160704b xxu||||| |||| 00| 0 eng d
100 _92004
_a Chenthoor, K
245 _aThe Cat Spirit
260 _aN.D
_b Children Book Trust
_c2003
300 _aThe Cat Spirit
942 _2ddc
_cBK
999 _c1704
_d1704